| 000 | 01594nam a22002057a 4500 | ||
|---|---|---|---|
| 003 | IT-MiCISF | ||
| 005 | 20231004141630.0 | ||
| 008 | 231004b |||||||| |||| 00| 0 eng d | ||
| 040 | _cIT-MiCISF | ||
| 041 | _ait | ||
| 100 |
_aBordeyne Philippe _960262 |
||
| 245 |
_aFamiglie alla ricerca di Dio. _bOrientamenti teologici e pastorali per i tempi nuovi |
||
| 260 |
_aRoma, _bStudium, _c2023 |
||
| 300 | _app. 151 | ||
| 500 | _apastorale-familiare, spiritualità-coniugale, amoris-laetitia, teologia, chiesa, società, cambiamento | ||
| 520 | _aOggi non è più possibile affidarsi a una teologia e a una pastorale del matrimonio come quelle praticate fino ad ora. Occorre avere il coraggio di percorrere altre strade a partire dall'esperienza etica e spirituale delle coppie, delle famiglie e degli operatori pastorali coinvolti nel loro cammino. Tale percorso può fondarsi sul cammino sinodale che sta vivendo la Chiesa in tutto il mondo. In questo libro stimolante, Philippe Bordeyne mette a fuoco il contesto sociale e culturale in cui le persone costruiscono le loro relazioni affettive e familiari, per individuare le opportunità di una proposta credibile del messaggio cristiano sull'amore umano. In questa direzione vengono messe in luce le risorse pedagogiche delle famiglie, le risorse liturgiche di cui dispongono le comunità cristiane e infine le risorse spirituali che i battezzati, e tutti coloro che sono alla ricerca di Dio, possono fare proprie nel tessuto quotidiano della vita familiare. | ||
| 650 | _apastorale-familiare | ||
| 654 | _asaggio | ||
| 942 |
_2ddc _cBK |
||
| 999 |
_c359852 _d359852 |
||